USSR Club Ltd and the Putney Club v Thorneley (VO) (Record no. 68033)

MARC details
000 -LEADER
fixed length control field 01319cam a2200265 4500
001 - CONTROL NUMBER
control field ABS64443
008 - FIXED-LENGTH DATA ELEMENTS--GENERAL INFORMATION
fixed length control field 010820n2001 000 0 eng u
035 ## - SYSTEM CONTROL NUMBER
System control number (Sirsi) u114200
245 ## - TITLE STATEMENT
Title USSR Club Ltd and the Putney Club v Thorneley (VO)
260 ## - PUBLICATION, DISTRIBUTION, ETC.
Date of publication, distribution, etc. 2001
490 ## - SERIES STATEMENT
Series statement Rating Appeals
Volume/sequential designation [2001] RA 144-165(11)
520 ## - SUMMARY, ETC.
Summary, etc. LT 26 April 2001. Examined the issue of the proper method to be used when valuing the two appeal properties where neither were let, in order to estimate their annual value in accordance with rating hypothesis. The USSR Club Ltd had been assessed at £19,500 and The Putney Club at £38,500. The ratepayers wanted the valuation based on club turnover taken from audited accounts while the VO considered the use of rental evidence of comparable club premises in south London. It was held that the assessment for the USSR Club Ltd should be confirmed and the assessment of the Putney Club to be reduced.
590 ## - LOCAL NOTE (RLIN)
Local note ABS
650 ## - SUBJECT ADDED ENTRY--TOPICAL TERM
Topical term or geographic name entry element USSR CLUB LTD AND THE PUTNEY CLUB V THORNELEY (VO)
650 ## - SUBJECT ADDED ENTRY--TOPICAL TERM
Topical term or geographic name entry element RATING APPEALS
650 ## - SUBJECT ADDED ENTRY--TOPICAL TERM
Topical term or geographic name entry element MEMBERS' CLUBS
650 ## - SUBJECT ADDED ENTRY--TOPICAL TERM
Topical term or geographic name entry element Valuation
9 (RLIN) 6273
650 ## - SUBJECT ADDED ENTRY--TOPICAL TERM
Topical term or geographic name entry element EVIDENCE OF VALUE
650 ## - SUBJECT ADDED ENTRY--TOPICAL TERM
Topical term or geographic name entry element COMPARABLES
650 ## - SUBJECT ADDED ENTRY--TOPICAL TERM
Topical term or geographic name entry element RENT ASSESSMENTS
650 ## - SUBJECT ADDED ENTRY--TOPICAL TERM
Topical term or geographic name entry element ANNUAL VALUE
650 ## - SUBJECT ADDED ENTRY--TOPICAL TERM
Topical term or geographic name entry element TURNOVER
690 ## - LOCAL SUBJECT ADDED ENTRY--TOPICAL TERM (OCLC, RLIN)
Topical term or geographic name as entry element RATING AND LOCAL TAXATION-CASE LAW
942 ## - ADDED ENTRY ELEMENTS (KOHA)
Suppress in OPAC 0
Holdings
Withdrawn status Lost status Source of classification or shelving scheme Damaged status Not for loan Home library Current library Shelving location Date acquired Total Checkouts Full call number Barcode Date last seen Copy number Price effective from Koha item type
    Dewey Decimal Classification     London London Journal article 20/08/2001   ABS64443 114200-1001 06/08/2019 1 06/08/2019 Journal article